000 00370nam a2200133Ia 4500
008 231129s9999||||xx |||||||||||||| ||spa||
020 _a84-7232-222-X
040 _bspa
082 _aE861.08 Q7v
100 _aQuiñones Fernando
245 0 _aEn vida
264 _aMadrid España : Ediciones Cultura Hispanica
942 _2ddc
_cBKS
999 _c12923
_d12923